Vplyv televíznej reklamy na generáciu X a Y diplomová práca

Guardado en:
Detalles Bibliográficos
Autor principal: Procházková, Barbora
Autor Corporativo: Obchodná fakulta EU. Katedra marketingu
Otros Autores: Chebeň, Juraj
Formato: Libro
Lenguaje:eslovaco
Publicado: Bratislava 2012
Etiquetas: Agregar Etiqueta
Sin Etiquetas, Sea el primero en etiquetar este registro!

MARC

LEADER 00000nbm a2200000 4500
001 0172056
005 20170314101820.4
041 0 |a slo 
044 |a SK 
245 1 0 |a Vplyv televíznej reklamy na generáciu X a Y  |b diplomová práca  |c Barbora Procházková ; školiteľ: Juraj Chebeň 
264 1 |a Bratislava  |c 2012 
300 |a 87 s. 
100 1 |a Procházková, Barbora 
700 1 |a Chebeň, Juraj 
710 2 |a Obchodná fakulta EU. Katedra marketingu